Human relations in administration : with readings and cases
| Main Author: | |
|---|---|
| Format: | Book |
| Published: |
Englewood Cliff,N.Jersey :
Prentice- Hal ,
1961
|
| Edition: | 2nd. ed. |
| Subjects: |
MARC
| LEADER | 00000cam a2200000 7i4500 | ||
|---|---|---|---|
| 001 | 0000008020 | ||
| 005 | 20161109.0 | ||
| 040 | |a INS | ||
| 090 | 0 | 0 | |a HD6971 |b D83 1961 |
| 100 | 1 | |a Dubin, Robert | |
| 245 | 1 | 0 | |a Human relations in administration : |b with readings and cases |
| 250 | |a 2nd. ed. | ||
| 260 | |a Englewood Cliff,N.Jersey : |b Prentice- Hal , |c 1961 | ||
| 300 | |a xix, 635p ; |c 21 cm. | ||
| 650 | 0 | 0 | |a Industrial Relations |
| 999 | |a 0000023428 |b BOOK |c Open Shelf |e Default branch | ||